| 000 | 00961cab a2200313 4500 | ||
|---|---|---|---|
| 001 | ABS50087 | ||
| 008 | 090401t1994 xxu||||| |||| 00| 0 eng d | ||
| 035 | _a(Sirsi) u74098 | ||
| 041 | _aeng | ||
| 100 | _aHolmes-Siedle, J. | ||
| 245 | _aDesign for disability | ||
| 260 | _c1994 | ||
| 350 | _a0 | ||
| 490 |
_aArchitects` Journal _v199(6) 9 February 1994, 35-41(6) |
||
| 520 | _aHighlights considerations for designing a building to allow disabled people to retain their independence, when in the building. Lighting, signs and access are covered. | ||
| 650 | _aACCESS | ||
| 650 | _aBLIND PEOPLE | ||
| 650 | _aBS 5810 | ||
| 650 | _aBUILT ENVIRONMENT-CONSTRUCTION DESIGN | ||
| 650 | _aBUILDING REGULATIONS PART M | ||
| 650 | _aDEAF PEOPLE | ||
| 650 | _aDISABLED PEOPLE | ||
| 650 | _aLIGHTING | ||
| 650 | _aTOILETS | ||
| 650 | _aWHEELCHAIR ACCESS | ||
| 690 | _aBUILT ENVIRONMENT-CONSTRUCTION DESIGN | ||
| 942 | _n0 | ||
| 948 | _c04/03/1997 | ||
| 999 |
_c46775 _d46775 |
||